ბათუმის შოთა რუსთაველის სახელმწიფო უნივერსიტეტის ბიბლიოთეკა

Plant systematics : a phylogenetic approach / (ბიბ.ჩანაწერი № 63260)

000 -LEADER
fixed length control field 00886nam a22002057a 4500
005 - DATE AND TIME OF LATEST TRANSACTION
control field 20250709151246.0
008 - FIXED-LENGTH DATA ELEMENTS--GENERAL INFORMATION
fixed length control field 250709s2018 en ||||| |||| 00| 0 eng d
020 ## - INTERNATIONAL STANDARD BOOK NUMBER
International Standard Book Number 987654321 X
041 ## - LANGUAGE CODE
Language code of text/sound track or separate title eng
080 ## - UNIVERSAL DECIMAL CLASSIFICATION NUMBER
Universal Decimal Classification number 582 P-71
245 ## - TITLE STATEMENT
Title Plant systematics : a phylogenetic approach /
Statement of responsibility, etc. Authors: Walter S. Judd ; Christopher S. Campbell; Elizabeth Anne Kellogg ; Peter F. Stevens ; Peter F. Stevens ; Michael J.Donoghue
250 ## - EDITION STATEMENT
Edition statement Fourth edition
264 ## - PRODUCTION, PUBLICATION, DISTRIBUTION, MANUFACTURE, AND COPYRIGHT NOTICE
Place of production, publication, distribution, manufacture Oxford :
Name of producer, publisher, distributor, manufacturer Oxford University Press,
Date of production, publication, distribution, manufacture, or copyright notice 2018.
300 ## - PHYSICAL DESCRIPTION
Extent xvi, 677 pages.:
Other physical details ill;
653 ## - INDEX TERM--UNCONTROLLED
keyword Plant systematics : a phylogenetic approach
653 ## - INDEX TERM--UNCONTROLLED
keyword მცენარეთა სისტემატიკა: ფილოგენეტიკური მიდგომა
700 ## - ADDED ENTRY--PERSONAL NAME
Personal name Judd, Walter S.
9 (RLIN) 7297
700 ## - ADDED ENTRY--PERSONAL NAME
Personal name Campbell , Christopher S.
Relator term and others
9 (RLIN) 23609
942 ## - ADDED ENTRY ELEMENTS (KOHA)
Source of classification or shelving scheme
Koha item type წიგნი
ეგზემპლარები
Withdrawn status Lost status Source of classification or shelving scheme Damaged status Not for loan Permanent Location Current Location Shelving location Date acquired Cost, normal purchase price Full call number Barcode Date last seen Copy number Price effective from Koha item type Public note
          ბათუმის შოთა რუსთაველის სახელმწიფო უნივერსიტეტის მთავარი ბიბლიოთეკა ბათუმის შოთა რუსთაველის სახელმწიფო უნივერსიტეტის მთავარი ბიბლიოთეკა წიგნსაცავი 2025-07-09 597.00 582 P-71 72086 2025-07-09 72086 2025-07-09 წიგნი 597.00